Normal view
MARC view
- NOVELLS ADMINISTRATORS'S GUIDE
Entry Topical Term
001 - CONTROL NUMBER
- control field: 75493
003 - CONTROL NUMBER IDENTIFIER
- control field: NUST
005 - DATE AND TIME OF LATEST TRANSACTION
- control field: 20210628205425.0
008 - FIXED-LENGTH DATA ELEMENTS
- fixed length control field: 210628|| aca||aabn | a|a d
040 ## - CATALOGING SOURCE
- Original cataloging agency: NUST
- Transcribing agency: NUST
150 ## - HEADING--TOPICAL TERM
- Topical term or geographic name entry element: NOVELLS ADMINISTRATORS'S GUIDE
670 ## - SOURCE DATA FOUND
- Source citation: Work cat.: (NUST): Rogers, Shawn B 75492, Novell's groupwise 4 administrator's guide, 1995
